000
00294nam a22001337a 4500
082
_a
494
_b
BHA/R
100
_a
BHACHOTHIYA,HARILAL
245
_a
RAJBHASHA HINDI AUR USKA VIKAS
250
_a
FIRST
260
_a
DELHI
_b
ARYA PRAKASHAN
300
_a
134
650
_a
LETTERS
_z
DELHI
942
_c
BK
999
_c
4505
_d
4505